Essentials of economics : principles and policy

Saved in:
Bibliographic Details
Main Author: Baumol, William J.
Other Authors: Blinder, Alan S.
Format: Book
Language:English
Published: Mason, Ohio : Thomson/South-Western, 2006
Edition:International student ed.
Subjects:
Tags: Add Tag
No Tags, Be the first to tag this record!

MARC

LEADER 00000nam a2200000 i 4500
001 1/91621
008 080730s2006 eng d
020 |a 0-324-31626-7 
035 |l 10099263 
040 |a GR-MY-UA  |b gre  |e aacr 
041 0 |a eng 
082 0 |a 330  |2 (22) 
100 1 |a Baumol, William J. 
245 1 0 |a Essentials of economics :  |b principles and policy /  |c William J. Baumol, Alan S. Blinder 
250 |a International student ed. 
260 |a Mason, Ohio :   |b Thomson/South-Western,   |c 2006 
300 |a xx, 390 σ.;  |b εικ. (μερ. έγχρ.), χάρτες;  |c 29 εκ. 
504 |a Περιέχει βιβλιογραφικές παραπομπές και ευρετήριο 
650 0 0 |a Economics. 
700 1 |a Blinder, Alan S. 
852 |a INST  |b LESVOS  |e 20080730  |h 330 BAU  |p 005100041895  |q 005100041895  |t BK  |y 0 
901 |a BIBL1-2008-2 
909 |a Λ  |b 142875 
922 |a 1ΕΛΗ  |b 200712  |c ΕΠΕΑΕΚ2/ΤΠ  |d ΕΛΕΥΘΕΡΟΥΔΑΚΗΣ 
970 |a ΚΑΡΑ  |b ΓΙΑΣΕΜΗ  |z 2008/07/30